000 00455nam a22001937a 4500
003 MPLRDC
005 20220104144421.0
008 210129b ||||| |||| 00| 0 eng d
020 _a957-792-122-1
082 _a563.5 YYA
100 _a俞丛安
245 _a期货投资教战
_c
250 _a初版
260 _a
_b金钱文化
_c1997
300 _b
490 _a投货高手系列. 15
650 _a期货投资
942 _cBK
_o563.5 YYA
999 _c49407
_d49397